| 000 | 00864nas a2200289 4500 | ||
|---|---|---|---|
| 001 | BR7306556 | ||
| 003 | BR-BrBNA | ||
| 005 | 20231205082612.0 | ||
| 007 | ta | ||
| 008 | 230509b bl.|||p| |||| 00| 00por d | ||
| 040 |
_aBR-BrBNA _bpor _cBiblioteca Nacional de Agricultura |
||
| 041 | _a(Pt) | ||
| 072 | _aL73; L72 | ||
| 100 | 1 | _aLangenegger, J. | |
| 100 | 1 | _aCoelho, N.M. | |
| 100 | 1 | _aMenke, L.G. | |
| 245 | 1 | _aManejo deficiente predispoe as bezerras as enfermidades [parasitose gastrintestinal, virose, salmonelose] | |
| 650 | _aBOVINO | ||
| 650 | _aBEZERRO | ||
| 650 | _aAPARELHO DIGESTIVO | ||
| 650 | _aINTESTINO | ||
| 650 | _aVIROSE ANIMAL | ||
| 650 | _aSALMONELOSE | ||
| 773 | 0 |
_tAgricultura e Pecuaria (Brazil) _xISSN 0100-249X _g(Jan 1977), (no. 616) p. 28-31 _wBR7306556 |
|
| 909 |
_a202311 _bLúcia _c55 _dLúcia Elande |
||
| 942 |
_2AGRIS _n0 _cANA |
||
| 999 |
_c93148 _d93148 |
||